| 000 | 00859nam a2200229 a 4500 | ||
|---|---|---|---|
| 005 | 20191224041528.0 | ||
| 008 | 140220b1998 gw |||||rm||| 00| 0 ger d | ||
| 040 |
_aCO-BoIAVH _cCO-BoIAVH |
||
| 041 | _ager | ||
| 044 | _agx | ||
| 090 |
_aTE _b0094 |
||
| 100 | 1 | _aKreft, Stefan | |
| 245 | 1 | 0 | _aArtenvielfalt und struktur von Vogelgemeinschaften in primär-und sekundärhabitaten eines nebelwaldes in südwestkolumbien |
| 246 | _aBiodiversidad y la estructura de la avifauna presente en los hábitats primarios y secundarios del bosque de niebla en el suroeste de Colombia. | ||
| 260 |
_aBerlín: _bUniversität Hamburg, _c1998. |
||
| 300 | _a106 | ||
| 650 | _aAves | ||
| 650 |
_aBosque de niebla _zColombia |
||
| 650 | _aEcología de poblaciones | ||
| 662 |
_aColombia _cReserva Natural La Planada _bNariño |
||
| 942 |
_cTESIS _2z |
||
| 999 |
_c415 _d415 |
||